Holiday Quiz

Random Holiday or Christmas Quiz

A Lord of the Rings Christmas Quiz Stats

 Plays Quiz Updated Dec 23, 2015

Challenge
Share
Tweet
Embed
Score 0/25 Timer 06:00
1 Play Today
Lord of the Rings Answer % Correct
The ____ TowersTwo
92.6%
One ____ to rule them allRing
92.6%
Meriadoc '____' BrandybuckMerry
92.3%
____ that is gold does not glitter.All
92.1%
The ____ Tree of GondorWhite
92%
____ for the Dwarf-lords in their halls of stoneSeven
90.3%
The Great ____ of ThráinHall
88.9%
Hobbits, the ____ FolkLittle
88.7%
Sammath Naur, the ____s of DoomCrack
88.4%
____ Rings for the Elven-kings under the skyThree
88.4%
____ for Mortal Men doomed to dieNine
88.3%
____beardTree
88.1%
The Witch-____ of AngmarKing
87.3%
Lord of the Rings Answer % Correct
Amon Sûl, ____topWeather
86.9%
Gondolin, Hidden ____Rock
85.6%
The Arkenstone, the Heart of the ____Mountain
85.6%
The ____ Gate of MordorBlack
81.7%
The Last Alliance of Elves and ____Men
79.7%
Elrond Half-____Elf
75%
____grin 'Pippin' TookPere
74.5%
____ for the Dark Lord on his dark throneOne
73%
Legolas ____leafGreen
65.3%
Arwen ____nstarEve
65.1%
____ of EärendilStar
54.9%
Rivendell, the ____ Homely HouseLast
53.1%

You're not logged in!

Compare scores with friends on all Sporcle quizzes.
OR
Log In

You Might Also Like...

Show Comments

Extras

Top Quizzes Today


Score Distribution

Your Account Isn't Verified!

In order to create a playlist on Sporcle, you need to verify the email address you used during registration. Go to your Sporcle Settings to finish the process.

Report this User

Report this user for behavior that violates our Community Guidelines.

Details: